Plato symposium (Record no. 81991)

MARC details
000 -LEADER
fixed length control field 00721nam a2200169 a 4500
008 - FIXED-LENGTH DATA ELEMENTS--GENERAL INFORMATION
fixed length control field 180919s1994 ||||||||||||||||| || u
050 ## - LIBRARY OF CONGRESS CALL NUMBER
Classification number B 385.A5 Pla
100 ## - MAIN ENTRY--PERSONAL NAME
Personal name Waterfield, Robin
245 10 - TITLE STATEMENT
Title Plato symposium
Statement of responsibility, etc. Translated by Robin Waterfield
260 ## - PUBLICATION, DISTRIBUTION, ETC.
Place of publication, distribution, etc. London
Name of publisher, distributor, etc. The Folio Society
Date of publication, distribution, etc. 1994
300 ## - PHYSICAL DESCRIPTION
Extent li, 111p.: ill.
350 ## -
-- 17.40
650 ## - SUBJECT ADDED ENTRY--TOPICAL TERM
Topical term or geographic name entry element LOVE
650 ## - SUBJECT ADDED ENTRY--TOPICAL TERM
Topical term or geographic name entry element SOCRATES
995 ## -
-- MAIN LIBRARY OPEN ACCESS
-- 748675
-- CBU-MAIN LIBRARY (Kitwe)
-- 17.40
-- B 385.A5 Pla
-- 2
-- AVAILABLE
-- Sep 21, 2018
-- 748675
-- Main Library Open Access Collection
995 ## -
-- MAIN LIBRARY OPEN ACCESS
-- 748674
-- CBU-MAIN LIBRARY (Kitwe)
-- 17.40
-- B 385.A5 Pla
-- 1
-- AVAILABLE
-- Sep 21, 2018
-- 748674
-- Main Library Open Access Collection
999 ## -
-- 81991
-- 81991
Holdings
Withdrawn status Lost status Source of classification or shelving scheme Damaged status Not for loan Permanent Location Current Location Shelving location Date acquired Total Checkouts Full call number Barcode Date last seen Date last checked out Copy number Price effective from Koha item type
          CBU-MAIN LIBRARY, KITWE. CBU-MAIN LIBRARY, KITWE.   09/12/2023 1 B 385.A5 Pla 748675 05/08/2025 04/15/2025 1 09/12/2023 MONOGRAPH
          CBU-MAIN LIBRARY, KITWE. CBU-MAIN LIBRARY, KITWE.   09/12/2023 1 B 385.A5 Pla 748674 07/24/2025 07/21/2025 2 09/12/2023 MONOGRAPH